Vocab Quiz for Ms McCormacks Class EHS Stats

 Plays Quiz not verified by Sporcle

Score 0/12 Timer 10:00
0 Plays Today
meaning answer % Correct
graceful in form or movement; tastefully fineelegant
81.8%
to depart in a sudden and secret manner, especially to avoid capture and legal prosecutionabscond
77.3%
to become worse or inferior in character, quality, value, etc. deteriorate
72.7%
like a parasite; i.e., living off another withour contributing anythingparasitic
72.7%
formal installation in an office or other position of honorinduction
68.2%
to cause to go on, move, operate, work, etc. at the same rate and exactly togethersynchronize
68.2%
to call up or produce (memories, a reaction, etc)evoke
63.6%
bitterly or scornfully derisive; mocking; cynical; sneeringsardonic
59.1%
to entertain lavishly and agreeablyregale
54.5%
a person who advocates somethingproponent
50%
harshness or sharpness of tone, temper, or manner asperity
45.5%
to violate or infringecontravene
45.5%

You're not logged in!

Compare scores with friends on all Sporcle quizzes.
OR
Log In

Show Comments

Extras

Top Quizzes Today


Score Distribution

Your Account Isn't Verified!

In order to create a playlist on Sporcle, you need to verify the email address you used during registration. Go to your Sporcle Settings to finish the process.

Report this User

Report this user for behavior that violates our Community Guidelines.

Details: